Human resources development: a case study of U.P. electronics corporation ltd., Lucknow (Record no. 1562)
[ view plain ]
| 000 -LEADER | |
|---|---|
| fixed length control field | 00553nam a2200181Ia 4500 |
| 020 ## - INTERNATIONAL STANDARD BOOK NUMBER | |
| ISBN | 81-7033-148-7 |
| 082 ## - DEWEY DECIMAL CLASSIFICATION NUMBER | |
| Classification number | 331.1109542 SIN-; |
| 100 ## - MAIN ENTRY--AUTHOR NAME | |
| Personal name | Singh, U.B. |
| 245 #0 - TITLE STATEMENT | |
| Title | Human resources development: a case study of U.P. electronics corporation ltd., Lucknow |
| 260 ## - PUBLICATION, DISTRIBUTION, ETC. (IMPRINT) | |
| Place of publication | Jaipur |
| Name of publisher | Rawat Publications |
| Year of publication | 1992 |
| 300 ## - PHYSICAL DESCRIPTION | |
| Number of Pages | 171p. |
| 504 ## - BIBLIOGRAPHY, ETC. NOTE | |
| Bibliography, etc | Includes index |
| 650 ## - SUBJECT ADDED ENTRY--TOPICAL TERM | |
| Topical Term | Man power policy - Uttar Pradesh |
| 650 ## - SUBJECT ADDED ENTRY--TOPICAL TERM | |
| Topical Term | Human resource management |
| 650 ## - SUBJECT ADDED ENTRY--TOPICAL TERM | |
| Topical Term | Organizational change |
| 650 ## - SUBJECT ADDED ENTRY--TOPICAL TERM | |
| Topical Term | Personnel management - Uttar Pradesh |
| 942 ## - ADDED ENTRY ELEMENTS (KOHA) | |
| Koha item type | Books |
| Withdrawn status | Lost status | Damaged status | Not for loan | Home library | Current library | Date acquired | Bill Date | Full call number | Accession Number | Price effective from | Koha item type |
|---|---|---|---|---|---|---|---|---|---|---|---|
| NASSDOC Library | NASSDOC Library | 08/06/2004 | 2008-12-30 | 331.1109542 SIN-; | 32413 | 18/04/2019 | Books | ||||
| NASSDOC Library | NASSDOC Library | 08/06/2004 | 2008-12-30 | 331.1109542 SIN-; | 32414 | 18/04/2019 | Books |
